La Tunisie par lettre - Lettre B - Statistiques

Statistiques générales
  • Ce quiz a été pris 72 fois
  • Le résultat moyen est 8 sur 15
Statistiques - réponses
Indices Réponses % Correct
Beignet tunisien sucré, présenté sous forme d'anneau Bambalouni
85%
Ville portuaire du nord, connue pour son pont mobile Bizerte
82%
L'un des premiers rappeurs de la Tunisie, il est l’interprète de la chanson tunisienne ayant le plus grand nombre de vues sur YouTube Balti
78%
Gouvernorat du nord-ouest, réputé pour son agriculture fertile et son riche patrimoine historique Béja
65%
Quartier historique de Tunis célèbre pour son palais beylical, son musée national aux riches mosaïques romaines et le siège du parlement tunisien Bardo
60%
Sitcom humoristique qui met en scène le quotidien d’un commissariat de police Bolice
53%
Président tunisien démocratiquement élu Béji Caïd Essebsi
51%
L'une des portes de la médina de Tunis, située au bout de l'avenue Habib Bourguiba Bab El Bhar
49%
Pâtisserie raffinée, souvent préparé pour les grandes occasions comme les mariages ou l’Aïd Baklawa
49%
Gouvernorat faisant partie du Grand Tunis, connu pour son développement économique et ses zones industrielles Ben Arous
49%
Empire qui contrôlait la Tunisie avant la conquête arabe Byzantin
38%
Costume traditionnel masculin d'origine berbère Barnous
35%
Massif montagneux de la banlieue sud de Tunis Boukornine
35%
Instrument à percussion d'origine berbère, très répandu en Tunisie Bendir
24%
Colline abritant le musée national de Carthage et la cathédrale Saint-Louis Byrsa
16%
Aucun quiz correspondant
Distribution des résultats
% des personnes avec chaque résultat
Percentile par nombre de réponses
Votre historique - résultats
Vous n’avez pas pris ce quiz